000 00236nmm a2200085Ia 4500
008 220120s9999||||xx |||||||||||||||||und||
100 _aDigit
245 0 _aSkoar magazine; 12 free games, quakccon-2013, Demos
260 _aNine dot Nine
_c2013
999 _c139861
_d139861